Score 0/36 Timer 04:00
0 Plays Today
Hint 3-Letter Word % Correct
The loneliest number, according to Three Dog Night*ONE*
98.3%
The required number for a tango*TWO*
95.7%
Half a dozen*SIX*
95%
Fee ___ Foe Fum
OR toes on a foot when a Roman numeral is inserted
*FIE [FI(V)E]*
93.3%
Tea ___ Two
OR a homophone of the corners of a square
*FOR [FOUR]*
93.2%
Mined mineralORE
93%
Remedy or repairFIX
91.3%
EnemyFOE
91.2%
At a great distanceFAR
90.1%
Sendak's 'Where the Wild Things ____'ARE
89.7%
A perfect score in gymnastics*TEN*
89.7%
Southwestern cuisine: ___-MexTEX
89.6%
Point a weapon at a targetAIM
87.5%
____ Kwon DoTAE
87.4%
Container for sardinesTIN
87.2%
Dined
OR a homophone for The Beatles days of the week
*ATE [EIGHT]*
86.8%
Cash providerATM
84.4%
____ and featherTAR
83.6%
Hint 3-Letter Word % Correct
Beatles song: '___ Just Seen a Face'I'VE
83.1%
Miracle-____ plant foodGRO
82.7%
Sloth or envy, e.g.SIN
82.5%
Most common English article
OR a crowd when a musical note is inserted
*THE [TH(RE)E]*
82.4%
Eden resident
OR the number of seas when surrounded by tin's symbol
*EVE [(S)EVE(N)]*
82.2%
Former Notre Dame linebacker MantiTE'O
81.1%
AngerIRE
80.8%
____ JimaIWO
79.5%
Test needed for PhD programsGRE
76.6%
Author Anais
OR the innings in a baseball game when ending with 2.7181...
*NIN [NIN(E)]*
74.1%
Feel sickAIL
73.3%
'Ich bin ___ Berliner'EIN
72.4%
Before, poeticallyERE
71.1%
ZilchNIL
70.4%
George Lucas 1971 sci-fi thriller: ____ 1138THX
68.8%
European sea eagleERN
62.3%
Pontiac muscle car introduced in 1964GTO
62%
Judge Lance of the O.J. Simpson murder tiralITO
60.3%

Today's Daily Dose

Missing Word
'T' Pairs

Word Ladder
Game Pieces

Get the Picture
Baseball Movies

Remove Ads.
Support Sporcle.
Get the best of Sporcle when you Go Orange. This ad-free experience offers more features, more stats, and more fun while also helping to support Sporcle. Thank you for becoming a member.

You're not logged in!

Compare scores with friends on all Sporcle quizzes.
OR
Log In

Show Comments

Extras

Top Quizzes Today


Score Distribution

Your Account Isn't Verified!

In order to create a playlist on Sporcle, you need to verify the email address you used during registration. Go to your Sporcle Settings to finish the process.

Report this User

Report this user for behavior that violates our Community Guidelines.

Details: